[Event "7th Sinquefield Cup 2019"]
[Site "Saint Louis USA"]
[Date "2019.08.21"]
[Round "5.4"]
[White "Ding, Liren"]
[Black "Giri, Anish"]
[Result "1-0"]
[WhiteTitle "GM"]
[BlackTitle "GM"]
[WhiteElo "2805"]
[BlackElo "2779"]
[WhiteFideId "8603677"]
[BlackFideId "24116068"]
[EventDate "2019.08.17"]

1. d4 Nf6 2. c4 e6 3. Nf3 d5 4. Nc3 Bb4 5. Bg5 h6 6. Bxf6 Qxf6 7. Qa4+ Nc6 8. e3
O-O 9. Rc1 Rd8 10. Be2 dxc4 11. Bxc4 Bxc3+ 12. bxc3 Bd7 13. Be2 e5 14. Qc2 Bf5
15. Qb2 e4 16. Nd2 Na5 17. O-O c5 18. Rfd1 Rac8 19. Nf1 Bg6 20. Ng3 Qg5 21. Qb1
f5 22. dxc5 Rxc5 23. Rd4 Bf7 24. Rcd1 Rdc8 25. Bb5 g6 26. Ne2 Qf6 27. Ba4 Qe5
28. Bb3 Nxb3 29. axb3 R5c7 30. c4 a6 31. Nf4 b5 32. Nd5 Rc6 33. c5 a5 34. b4
axb4 35. Qxb4 Rb8 36. Nb6 Be6 37. Nd7 Bxd7 38. Rd5 Qe7 39. Rxd7 Qxc5 40. Qb3+
Qc4 41. Qb2 Qc3 42. Qa2+ Rc4 43. g3 Rc8 44. R1d6 Kf8 45. Rxg6 b4 46. Rxh6 f4 47.
gxf4 1-0

[Event "7th Sinquefield Cup 2019"]
[Site "Saint Louis USA"]
[Date "2019.08.26"]
[Round "9.1"]
[White "Ding, Liren"]
[Black "Caruana, Fabiano"]
[Result "1-0"]
[WhiteTitle "GM"]
[BlackTitle "GM"]
[WhiteElo "2805"]
[BlackElo "2818"]
[WhiteFideId "8603677"]
[BlackFideId "2020009"]
[EventDate "2019.08.17"]

1. d4 Nf6 2. c4 e6 3. Nf3 d5 4. Nc3 Be7 5. Bf4 O-O 6. e3 b6 7. Bd3 dxc4 8. Bxc4
Ba6 9. Bxa6 Nxa6 10. Qe2 Qc8 11. O-O Qb7 12. a3 c5 13. Nb5 Rac8 14. b4 Nd5 15.
bxc5 bxc5 16. Rab1 Rc6 17. Be5 Rb6 18. a4 Nac7 19. dxc5 Bxc5 20. Rbc1 Nxb5 21.
Rxc5 Nd6 22. a5 Rc6 23. Bxd6 Rxd6 24. Rfc1 h6 25. h3 Rfd8 26. Ne5 Nf6 27. Nc6
R8d7 28. a6 Qb6 29. Ne5 Rd8 30. Rc8 Qa5 31. f4 Rd2 32. Qf3 Rd5 33. R1c7 Kh7 34.
Kh2 Rxc8 35. Rxc8 Qxa6 36. Ra8 Qb7 37. Rf8 Rb5 38. Qf1 Qd5 39. Nxf7 Nd7 40. Rd8
Rb8 41. Rxb8 Nxb8 42. Qb1+ Qf5 43. Qb7 Nc6 44. Nd6 Qc5 45. Ne4 Qc2 46. Nf6+ Kg6
47. Ne8 Qc3 48. e4 a5 49. Qd7 a4 50. Qxe6+ Kh7 51. e5 Nd4 52. Qd7 Kg6 53. Qxg7+
Kf5 54. Nd6+ Kxf4 55. Qf6+ Ke3 56. e6 Kd3 57. e7 1-0